000 00901cab a2200265 4500
001 ABS47706
008 090401t1992 xxu||||| |||| 00| 0 eng d
035 _a(Sirsi) u63153
041 _aeng
100 _aKempton, G.T.
245 4 _aThe use of reinforcement geotextiles to support road embankments over areas subjected to mining subsidence
260 _c1992
350 _a0
490 _aHighways & Transportation
_v39(12) December 1992, 21-31(5)
520 _aA technical paper supporting the use of reinforcement geotextiles as a cost effective solution in areas of abandoned mineworks. Includes calculations.
650 _aEMBANKMENTS
650 _aGEOTEXTILES
650 _aMINING SUBSIDENCE
650 _aREINFORCEMENT
650 _aROAD CONSTRUCTION
690 _aBUILT ENVIRONMENT-BUILDING MATERIALS
690 _aMINING AND MINERALS
942 _n0
948 _c04/03/1997
999 _c39265
_d39265